Arabian design / (Record no. 9728)
[ view plain ]
| 000 -LEADER | |
|---|---|
| fixed length control field | 00648nam a22002055a 4500 |
| 008 - FIXED-LENGTH DATA ELEMENTS--GENERAL INFORMATION | |
| fixed length control field | 100201t2007 ge oc frc | 0|10 eng dd |
| 040 ## - CATALOGING SOURCE | |
| Original cataloging agency | dlc |
| 082 04 - DEWEY DECIMAL CLASSIFICATION NUMBER | |
| Classification number | 720.9174927 |
| Item number | ARA |
| Edition number | 22 |
| 245 00 - TITLE STATEMENT | |
| Title | Arabian design / |
| Statement of responsibility, etc | edited by Christiane Niemann. |
| 260 ## - PUBLICATION, DISTRIBUTION, ETC. (IMPRINT) | |
| Place of publication, distribution, etc | Cologne : |
| Name of publisher, distributor, etc | Daab, |
| Date of publication, distribution, etc | c.2007. |
| 300 ## - PHYSICAL DESCRIPTION | |
| Extent | 380 p.: |
| Other physical details | ill. (col.) ; |
| Dimensions | 23 cm. |
| 500 ## - GENERAL NOTE | |
| General note | Includes index. |
| 590 ## - LOCAL NOTE (RLIN) | |
| Local note | Mohamed Hussein |
| 650 ## - SUBJECT ADDED ENTRY--TOPICAL TERM | |
| Topical term or geographic name as entry element | City planning |
| 9 (RLIN) | 10801 |
| Geographic subdivision | -- Arab countries |
| Source of heading or term | BUEsh |
| 650 ## - SUBJECT ADDED ENTRY--TOPICAL TERM | |
| Topical term or geographic name as entry element | Architecture |
| 9 (RLIN) | 10802 |
| Geographic subdivision | -- Arab countries |
| Source of heading or term | BUEsh |
| 651 ## - SUBJECT ADDED ENTRY--GEOGRAPHIC NAME | |
| Source of heading or term | BUEsh |
| 653 ## - INDEX TERM--UNCONTROLLED | |
| Resource For college | Engineering, Architecture |
| -- | Engineering, General |
| Arrived date list | August2015 |
| 700 1# - ADDED ENTRY--PERSONAL NAME | |
| Personal name | Niemann, Christiane, |
| 9 (RLIN) | 10804 |
| Relator term | editor. |
| 942 ## - ADDED ENTRY ELEMENTS (KOHA) | |
| Item type | Book - Borrowing |
| Source of classification or shelving scheme | Dewey Decimal Classification |
| Withdrawn status | Item status | Source of classification or shelving scheme | Damaged status | Not for loan | Home library | Current library | Shelving location | Date acquired | Source of acquisition | Total Checkouts | Total Renewals | Full call number | Barcode | Date last seen | Date last borrowed | Koha item type | Vendor |
|---|---|---|---|---|---|---|---|---|---|---|---|---|---|---|---|---|---|
| Dewey Decimal Classification | Central Library | Central Library | Second Floor | 01/06/2008 | Purchase | 11 | 26 | 720.9174927 ARA | 000011833 | 15/07/2025 | 14/09/2021 | Book - Borrowing | |||||
| Dewey Decimal Classification | Central Library | Central Library | Second Floor | 01/02/2010 | Donation | 2 | 720.9174927 ARA | 000019472 | 15/07/2025 | 18/10/2012 | NB - Book (Non borrowing) |